000 00943nas a2200289 4500
001 BR8601424
003 BR-BrBNA
005 20231205090404.0
007 ta
008 230509b bl.|||p| |||| 00| 00por d
040 _aBR-BrBNA
_bpor
_cBiblioteca Nacional de Agricultura
041 _a(Pt)
072 _aF01
100 1 _aPires, E.J.P.
100 1 _aFahl, J.I.
100 1 _aTerra, M.M.
100 1 _aRibeiro, I.J.A.
100 1 _aPassos, I.R. da S.
100 1 _aMartins, F.P.
245 1 _aEfeito da aplicacao do acido giberelico sobre os cachos da cultivar de videira IAC 1398-21 Traviu
246 1 _aEffect of the application of gibberelic acid on grape clusters cultivar IAC 1398-21 Traviu
650 _aUVA
650 _aACIDO GIBERELICO
773 0 _tRevista Brasileira de Fruticultura (Brazil)
_xISSN 0100-2945
_g(1982), v. 4 p. 79-82
_wBR8601424
909 _a202311
_bLúcia
_c55
_dLúcia Elande
942 _2AGRIS
_n0
_cANA
999 _c118082
_d118082